00522nam a2200145 a 450000500170000000800410001705000170005810000190007524500560009425000170015026000370016752001310020465000160033565000250035120140414132111.0110513s19uu xx 00 eng d aTRbIW3 2000 aChild, Lauren. aI will never not ever eat a tomato /cLauren Child. a1st U.S. ed. aNew York :bScholastic ,c2000. aA fussy eater decides to sample the carrots after her brother convinces her that they are really orange twiglets from Jupiter. aFood habits aBrothers and sisters